Teória a prax účtovania, vykonávania a využitia inventarizácie vo vybranej organizácii bakalárska práca

Uložené v:
Podrobná bibliografia
Hlavný autor: Varga, Tomáš
Korporativný autor: Národohospodárska fakulta EU. Katedra financií
Ďalší autori: Staríčková, Zuzana
Médium: Kniha
Jazyk:Slovak
Vydavateľské údaje: Bratislava 2010
Tagy: Pridať tag
Žiadne tagy, Buďte prvý, kto otaguje tento záznam!

MARC

LEADER 00000nam$a2200000$$$4500
001 0136513
005 20240320074536.9
041 0 |a slo 
044 |a SK 
245 1 0 |a Teória a prax účtovania, vykonávania a využitia inventarizácie vo vybranej organizácii  |b bakalárska práca  |c Tomáš Varga ; školiteľ: Zuzana Staríčková 
264 1 |a Bratislava  |c 2010 
300 |a 32 s. 
100 1 |a Varga, Tomáš 
700 1 |a Staríčková, Zuzana 
710 2 |a Národohospodárska fakulta EU. Katedra financií